书目信息 |
| 题名: |
广义凸性及其应用
|
|
| 作者: | 杨新民 , 戎卫东 著 | |
| 分册: | ||
| 出版信息: | 北京 科学出版社 2016.1 |
|
| 页数: | 256页 | |
| 开本: | 24cm | |
| 丛书名: | 运筹与管理科学丛书 | |
| 单 册: | ||
| 中图分类: | O174.13 | |
| 科图分类: | ||
| 主题词: | 凸函数 | |
| 电子资源: | ||
| ISBN: | 978-7-03-046093-6 | |
| 000 | 00984nam 2200265 450 | |
| 001 | 0400001640 | |
| 005 | 20171019093314.0 | |
| 010 | @a978-7-03-046093-6@dCNY88.00 | |
| 100 | @a20160321e2016 em y0chiy50 ea | |
| 101 | 0 | @achi |
| 102 | @aCN@b110000 | |
| 105 | @ay z 001yy | |
| 106 | @ar | |
| 200 | 1 | @a广义凸性及其应用@9guang yi tu xing ji qi ying yong@b专著@f杨新民,戎卫东著 |
| 210 | @a北京@c科学出版社@d2016.1 | |
| 215 | @a256页@d24cm | |
| 225 | 2 | @a运筹与管理科学丛书@v25 |
| 330 | @a本书介绍数值函数各种类型的广义凸性以及它们在运筹学和经济学中的一些应用。主要内容包括:凸集与凸函数、拟凸函数、可微函数的广义凸性、广义凸性与最优性条件、不变凸性及其推广、广义单调性与广义凸性、二次函数的广义凸性和几类分式函数的广义凸性。 | |
| 461 | 0 | @12001 @a运筹与管理科学丛书 |
| 606 | 0 | @a凸函数 |
| 690 | @aO174.13@v5 | |
| 701 | 0 | @a杨新民@9yang xin min@f(1960-)@4著 |
| 701 | 0 | @a戎卫东@9rong wei dong@4著 |
| 801 | 0 | @aCN@b91MARC@c20171019 |
| 905 | @b1025511-5@dO174.13@f5@e226 | |
| 广义凸性及其应用/杨新民,戎卫东著.-北京:科学出版社,2016.1 |
| 256页;24cm.-(运筹与管理科学丛书;25) |
| ISBN 978-7-03-046093-6:CNY88.00 |
| 本书介绍数值函数各种类型的广义凸性以及它们在运筹学和经济学中的一些应用。主要内容包括:凸集与凸函数、拟凸函数、可微函数的广义凸性、广义凸性与最优性条件、不变凸性及其推广、广义单调性与广义凸性、二次函数的广义凸性和几类分式函数的广义凸性。 |
| ● |
| 相关链接 |
|
|
|
|
正题名:广义凸性及其应用
索取号:O174.13/226
 
预约/预借
| 序号 | 登录号 | 条形码 | 馆藏地/架位号 | 状态 | 备注 |
| 1 | 1025511 | 210255114 | 第二样本阅览室/ [索取号:O174.13/226] | 在馆 | |
| 2 | 1025512 | 210255123 | 第三借阅区/ [索取号:O174.13/226] | 在馆 | |
| 3 | 1025513 | 210255132 | 第三借阅区/ [索取号:O174.13/226] | 在馆 | |
| 4 | 1025514 | 210255141 | 第三借阅区/ [索取号:O174.13/226] | 在馆 | |
| 5 | 1025515 | 210255150 | 数信系资料室/ [索取号:O174.13/226] | 在馆 |